Monster High Characters By Colour Palette - Statistics

General Stats
  • This quiz has been taken 71 times
  • The average score is 11 of 16
Answer Stats
Picture Answer % Correct
Clawd Wolf
98%
Clawdeen Wolf
94%
Frankie Stein
92%
Draculaura
90%
Cleo De Nile
88%
Lagoona Blue
83%
Ghoulia Yelps
79%
Spectra Vondergeist
73%
Abbey Bominable
67%
Toralei Stripe
67%
Rochelle Goyle
63%
Deuce Gorgon
60%
Operetta
52%
Heath Burns
50%
Gil Webber
35%
Catty Noir
21%
No matching quizzes found
Score Distribution
Percent of People with Each Score
Percentile by Number Answered
Your Score History
You have not taken this quiz